Eliminácia mikropolutantov z odpadových vôd využitím granulovaného biosorbentu

Salvato in:
Dettagli Bibliografici
Autore principale: Skonc, Peter (Autore)
Altri autori: Imreová, Zuzana (Relatore della tesi)
Natura: Manoscritto Libro
Lingua:slovacco
Pubblicazione: 2025
Soggetti:
Accesso online:http://is.stuba.sk/zp/portal_zp.pl?podrobnosti=183448
Tags: Aggiungi Tag
Nessun Tag, puoi essere il primo ad aggiungerne!!

MARC

LEADER 00000ntm a22000003a 4500
001 stuzp105229
003 SK-STU
005 20250607211322.8
007 ta
008 150427s2015----xo-----f-mn---000-0-slo-d
040 |a STU  |b slo 
041 0 |a slo 
100 1 |a Skonc, Peter  |u 046290  |4 aut  |U FCHPT Ústav chemického a environmentálneho inžinierstva  |T FCHPT Oddelenie environmentálneho inžinierstva  |X 104776  |U C6290  |Y 120  |7 104776 
242 0 1 |a Elimination of micropollutants from wastewater using granular biosorbent  |y eng 
245 1 0 |a Eliminácia mikropolutantov z odpadových vôd využitím granulovaného biosorbentu 
260 |c 2025 
650 4 |a micropollutants  |2 eng 
650 4 |a adsorption  |2 eng 
650 4 |a sodium alginate  |2 eng 
650 4 |a biochar  |2 eng 
650 4 |a diclofenac  |2 eng 
650 4 |a adsorpcia  |2 slo 
650 4 |a alginát sodný  |2 slo 
650 4 |a biochar  |2 slo 
650 4 |a diklofenak  |2 slo 
650 4 |a mikropolutanty  |2 slo 
700 1 |a Imreová, Zuzana  |u 046290  |k Z1  |4 ths  |U FCHPT Ústav chemického a environmentálneho inžinierstva  |T FCHPT Oddelenie environmentálneho inžinierstva  |X 25622  |U C6290  |Y 120  |7 A000025622 
856 4 |u http://is.stuba.sk/zp/portal_zp.pl?podrobnosti=183448